Dopady hospodárskej a finančnej krízy na finančnú situáciu vybraného podniku diplomová práca

Gespeichert in:
Bibliographische Detailangaben
1. Verfasser: Šuttová, Kristína
Körperschaft: Fakulta podnikového manažmentu EU. Katedra podnikových financií
Weitere Verfasser: Tóthová, Alena, 1968-
Format: Buch
Sprache:Slowakisch
Veröffentlicht: Bratislava 2012
Tags: Tag hinzufügen
Keine Tags, Fügen Sie das erste Tag hinzu!

MARC

LEADER 00000nbm a2200000 4500
001 0152395
005 20161109102034.0
041 0 |a slo 
044 |a SK 
245 1 0 |a Dopady hospodárskej a finančnej krízy na finančnú situáciu vybraného podniku  |b diplomová práca  |c Kristína Šuttová ; školiteľ: Alena Tóthová 
264 1 |a Bratislava  |c 2012 
300 |a 88 s. 
100 1 |a Šuttová, Kristína 
700 1 |a Tóthová, Alena, 1968- 
710 2 |a Fakulta podnikového manažmentu EU. Katedra podnikových financií